| 000 | 006120000a22001810004500 | ||
|---|---|---|---|
| 003 | MACL | ||
| 005 | 20160531125455.0 | ||
| 008 | 160531b xxu||||| |||| 00| 0 eng d | ||
| 040 |
_aMACL _cMACL |
||
| 041 | _aHindi | ||
| 082 | _a900 | ||
| 100 |
_aराधाकृष्णऩ, सर्वपल्ली _960980 |
||
| 245 |
_aभारत और विश्व _cसर्वपल्ली राधाकृष्णन |
||
| 260 |
_aनई दिल्ली _bकिरण बुक्स _c2009 |
||
| 350 | _a150 | ||
| 650 |
_aनिबंध _960981 |
||
| 942 |
_cHIN _k900 _2ddc |
||
| 999 |
_c47668 _d47668 |
||